Statistics for Mattel WWE Elite Figures (Series 1-26)

Click here to take the quiz!

General Stats

  • This quiz has been taken 609 times
  • The average score is 85 of 157

Answer Stats

Hint Answer % Correct
Elite 3John Cena
91%
Elite 2Triple H
85%
Elite 1Undertaker
84%
Elite 4Kane
82%
Elite 1CM Punk
80%
Elite 1Edge
78%
Elite 2Randy Orton
76%
Elite 3Shawn Michaels
73%
Elite 4Big Show
73%
Elite 1Rey Mysterio
69%
Elite 14The Rock
67%
Elite 3The Miz
67%
Elite 2Batista
63%
Elite 3Christian
61%
Elite 8Sheamus
61%
Elite 2Matt Hardy
59%
Elite 12Daniel Bryan
59%
Elite 1Jeff Hardy
59%
Elite 25Dean Ambrose
59%
Elite 5Dolph Ziggler
59%
Elite 25Seth Rollins
58%
Elite 4Chris Jericho
58%
Elite 4Kofi Kingston
57%
Elite 3Cody Rhodes
55%
Elite 5Mark Henry
54%
Elite 26Roman Reigns
53%
Elite 12Alberto Del Rio
52%
Elite 19Brock Lesnar
48%
Elite 21Ryback
47%
Elite 11Wade Barrett
47%
Elite 4John Morrison
46%
Elite 1MVP
46%
Elite 2R-Truth
45%
Elite 5Jack Swagger
44%
Elite 6Goldust
44%
Elite 15Sin Cara
44%
Elite 21AJ
43%
Elite 16Heath Slater
40%
Elite 23JBL
39%
Elite 2Ted DiBiase
36%
Elite 3Santino Marella
36%
Elite 14Booker T
35%
Elite 23Randy Savage
34%
Elite 17Mankind
34%
Elite 8Evan Bourne
33%
Elite 9Zack Ryder
33%
Elite 24Trish Stratus
31%
Elite 8Drew McIntyre
31%
Elite 16Kevin Nash
31%
Elite 18Brodus Clay
31%
Elite 12Justin Gabriel
30%
Elite 7Hornswoggle
30%
Elite 23Antonio Cesaro
29%
Elite 7Tyson Kidd
29%
Elite 4Finlay
29%
Elite 22Tensai
27%
Elite 22Damien Sandow
27%
Elite 17Kelly Kelly
27%
Elite 16Diesel
26%
Elite 26Big E Langston
26%
Elite 26Ultimate Warrior
25%
Elite 6JTG
24%
Elite 8William Regal
23%
Elite 16Ezekiel Jackson
23%
Elite 18Jerry Lawler
23%
Elite 6Shad
22%
Elite 15Yokozuna
22%
Elite 5Chavo Guerrero
21%
Elite 26Road Dogg
20%
Elite 22The Giant
19%
Elite 14Big Bossman
18%
Elite 12Papa Shango
18%
Elite 9Luke Gallows
17%
Elite 25Bruno Sammartino
16%
Elite 5Vladimir Kozlov
16%
Elite 10Yoshi Tatsu
16%
Elite 7DH Smith
15%
Elite 21Honky Tonk Man
15%
Elite 19Miss Elizabeth
15%

Score Distribution

Percentile by Number Answered

Percent of People with Each Score

Your Score History

You have not taken this quiz